[Event "New York State-ch 138th"]
[Site "Colonie"]
[Date "2016.09.05"]
[Round "6"]
[White "Berman, Jeremy"]
[Black "Gausewitz, Glen K"]
[Result "1-0"]
[WhiteElo "2054"]
[BlackElo "1900"]
[PlyCount "53"]
[EventDate "2016.09.02"]
[EventType "swiss"]
[EventRounds "6"]
[EventCountry "USA"]
[SourceTitle "CBM 174 Extra"]
[Source "ChessBase"]
[SourceDate "2016.10.10"]
[SourceVersion "1"]
[SourceVersionDate "2016.10.10"]
[SourceQuality "1"]

1. c4 e5 2. Nc3 d6 3. d4 exd4 4. Qxd4 Nc6 5. Qd2 g6 6. b3 Bg7 7. Bb2 Nf6 8. g3 0-0 9. Bg2 Bd7 10. Nh3 Qc8 11. Nf4 Ne5 12. 0-0 Bc6 13. Nfd5 Nxd5 14. cxd5 Bd7 15. Rac1 a6 16. Ne4 Qd8 17. f4 Ng4 18. Bxg7 Kxg7 19. Qc3+ f6 20. h3 Nh6 21. Qxc7 Nf5 22. Qxd8 Raxd8 23. Rc7 Rf7 24. g4 Ne3 25. Nxd6 Re7 26. Nxb7 Rc8 27. Rfc1 1-0

[Event "Schenectady op10b"]
[Site "Schenectady"]
[Date "2003.10.26"]
[Round "3"]
[White "Gausewitz, Glen K"]
[Black "Rotter, Robert J"]
[Result "1-0"]
[WhiteElo "1961"]
[BlackElo "1760"]
[PlyCount "93"]
[EventDate "2003.10.26"]
[EventType "swiss"]
[EventRounds "3"]
[EventCountry "USA"]
[SourceTitle "EXT 2008"]
[Source "ChessBase"]
[SourceDate "2007.11.25"]
[SourceVersion "1"]
[SourceVersionDate "2007.11.25"]
[SourceQuality "1"]

1. e4 c5 2. Nf3 d6 3. d4 cxd4 4. Nxd4 Nf6 5. Nc3 a6 6. f3 e6 7. Be3 Qc7 8. g4 b5 9. g5 Nfd7 10. Qd2 Ne5 11. 0-0-0 Nc4 12. Bxc4 Qxc4 13. Kb1 Nd7 14. h4 Bb7 15. h5 Rc8 16. Nb3 Qc7 17. Bd4 Nb6 18. Bxb6 Qxb6 19. g6 fxg6 20. hxg6 h6 21. Nd4 Kd7 22. Qf4 Be7 23. Qg4 d5 24. Nxd5 Bxd5 25. exd5 Bf6 26. Nxe6 Kd6 27. Nxg7 Bxg7 28. Qe6+ Kc7 29. Qe7+ Kb8 30. Qxg7 Ka8 31. Qd4 Qxg6 32. Qe4 Qd6 33. Rhg1 Rhe8 34. Rg6 Rxe4 35. Rxd6 Re2 36. c3 Rh8 37. Rxa6+ Kb7 38. Re6 Rxe6 39. dxe6 h5 40. f4 h4 41. f5 h3 42. f6 h2 43. Rh1 Kc6 44. Rxh2 Rxh2 45. f7 Rf2 46. e7 Rf1+ 47. Kc2 1-0